| 000 | 00387nam a22001457a 4500 | ||
|---|---|---|---|
| 082 |
_aP-360 _bP-360 |
||
| 100 |
_aFarhan Azad, Syndicate -19 _948142 |
||
| 245 |
_aThe feasibility of use of stone mastic asphalt _cFarhan Azad, Manan Mansoor |
||
| 260 | _c2007 | ||
| 300 | _a61 P, : | ||
| 526 |
_a0 _b0 _c0 _dP_360_P360 |
||
| 650 | _aProject | ||
| 700 | _aKamran Mushtaq | ||
| 942 |
_2ddc _cBK |
||
| 999 |
_c551167 _d551167 |
||